[Event "GER-ch U10"]
[Site "Willingen"]
[Date "2023.06.01"]
[Round "8"]
[White "Serwane, Ruben"]
[Black "Prashanthakumar, Arnesh"]
[Result "1-0"]
[WhiteElo "1489"]
[BlackElo "1395"]
[PlyCount "57"]
[EventDate "2023.05.27"]
[EventType "swiss"]
[EventRounds "11"]
[EventCountry "GER"]
[SourceTitle "CBM 214 Extra"]
[Source "ChessBase"]
[SourceDate "2023.07.31"]
[SourceVersion "1"]
[SourceVersionDate "2023.07.31"]
[SourceQuality "1"]

1. e4 e5 2. Nf3 Nc6 3. Bc4 Bc5 4. c3 Nf6 5. d4 exd4 6. cxd4 Bb4+ 7. Nc3 Nxe4 8. 0-0 Nxc3 9. bxc3 Ba5 10. Qb3 0-0 11. Bg5 Ne7 12. Rfe1 d5 13. Bb5 f6 14. Bf4 c6 15. Bd3 Bg4 16. Qa3 Re8 17. Bd6 Ng6 18. Rxe8+ Qxe8 19. Qxa5 Bxf3 20. gxf3 Nh4 21. Bg3 Nxf3+ 22. Kg2 Ne1+ 23. Rxe1 Qxe1 24. Qb4 b6 25. Qd6 Qxc3 26. Qe6+ Kh8 27. Qf5 Kg8 28. Qxh7+ Kf7 29. Bg6+ 1-0

[Event "GER-ch U10"]
[Site "Willingen"]
[Date "2023.05.31"]
[Round "7"]
[White "Prashanthakumar, Arnesh"]
[Black "Gendzelevsky, Stefan"]
[Result "1/2-1/2"]
[WhiteElo "1395"]
[BlackElo "1442"]
[PlyCount "72"]
[EventDate "2023.05.27"]
[EventType "swiss"]
[EventRounds "11"]
[EventCountry "GER"]
[SourceTitle "CBM 214 Extra"]
[Source "ChessBase"]
[SourceDate "2023.07.31"]
[SourceVersion "1"]
[SourceVersionDate "2023.07.31"]
[SourceQuality "1"]

1. e4 e6 2. d4 d5 3. Nc3 Bb4 4. e5 Ne7 5. Bd2 c5 6. Nf3 Nbc6 7. dxc5 Ng6 8. Bb5 Qc7 9. Bxc6+ bxc6 10. Qe2 Bxc5 11. 0-0 a5 12. Qd1 0-0 13. Re1 Rd8 14. h3 Qa7 15. Rf1 Ba6 16. Ne2 Qc7 17. Re1 Nxe5 18. Nxe5 Qxe5 19. Bxa5 Rd7 20. Nc3 Qf4 21. Qf3 Qc4 22. Rad1 Bc8 23. b4 Bxb4 24. Bxb4 Qxb4 25. Rb1 Qd6 26. Rb6 Rb8 27. Rxb8 Qxb8 28. Rb1 Rb7 29. Rxb7 Bxb7 30. Qe3 e5 31. Qb6 Qc8 32. a4 f6 33. a5 Kf7 34. Na4 Qa8 35. Nc5 Bc8 36. a6 Bxa6 1/2-1/2